000
00315nam a22001337a 4500
008
170622b xxu||||| |||| 00| 0 eng d
020
_a
9780393924060
041
_a
eng
080
_2
2 ED
_a
32
100
_a
20
101
_a
SHP
245
_a
ESSENTIAL READINGS IN WORLD POLITICS
_c
MINGST.K.A
942
_2
udc
_c
BK
999
_c
18609
_d
18609